Statystyki dla Zwierzę z przysłowia

Kliknij tutaj aby rozwiązać quiz!

Ogólne statystyki

  • Ten quiz został rozwiązany 96 razy
  • Średni wynik to 3 z 6

Statystyki odpowiedzi

Odpowiedź% Poprawnych
Kot
85%
Koń
84%
Wilk
56%
Koza
41%
Kruk
16%
Rak
9%

Rozkład punktacji

Percentyl według liczby udzielonych odpowiedzi

Procent ludzi z każdym wynikiem

Twoja historia wyników

Nie rozwiązałeś tego quizu